Länder, die an die Ukraine grenzen - Statistiken

Allgemein
  • Dieses Quiz wurde 220 mal gespielt
  • Das Durchschnittsergebnis liegt bei 5 aus 7
Antwortstatistiken
Länge Land % Korrekt
2295 Russland
100%
1084 Weißrussland
83%
1222 Moldawien
82%
526 Polen
74%
601 Rumänien
70%
97 Slowakei
65%
136 Ungarn
63%
Keine übereinstimmenden Quizze gefunden
Verteilung der Resultate
Anzahl Personen mit jedem Resultat
Perzentil nach korrekt beantworteten Fragen
Ihre Resultats-Entwicklung
Sie haben dieses Quiz noch nicht gespielt